<?xml version="1.0" encoding="UTF-8"?>
<marc:record xmlns:marc="http://www.loc.gov/MARC21/slim">
   <marc:leader>00000nam a2200000 a 4500</marc:leader>
   <marc:datafield ind1="0" ind2="0" tag="245">
      <marc:subfield code="a">Matti kann schon fast alles</marc:subfield>
   </marc:datafield>
   <marc:datafield ind1=" " ind2="1" tag="264">
      <marc:subfield code="b">Thienemann</marc:subfield>
      <marc:subfield code="c">2019</marc:subfield>
   </marc:datafield>
   <marc:datafield ind1="1" ind2=" " tag="520">
      <marc:subfield code="a">Quelle: LHW.Lesen.Hören.Wissen (http://www.provinz.bz.it/kulturabteilung/bibliotheken/320.asp);  Autor: Martina Koler;  Eigentlich ist Matti, der Elefant, schon groß und kann fast alles: sich selbst die Milch ins Müsli schütten, sich eine Gute-Nacht-Geschichte vorlesen und Mamas Kekse naschen. Matti fand es toll, groß zu sein. Aber nur so lange, bis Mama das auch von ihm erwartet. Denn da war ja auch noch seine kleine Schwester Ida und Mama muss sich immer um sie kümmern. Matti muss sich die Jacke alleine zuknöpfen, die Regenstiefel anziehen und sogar alleine aufs Klo gehen. Das aber war viel zu knifflig für ihn! Er will nicht mehr Mamas großer Junge sein und so packt er seinen Koffer und beschließt auszuziehen. Zum Glück entdeckt ihn Mama und weiß auch gleich, was zu tun ist! Eine einfühlsam erzählte Geschichte zum Thema Eifersucht mit farbenfrohen Bildern, die die Stimmung des kleinen Elefanten bestens wiederspiegeln.</marc:subfield>
   </marc:datafield>
   <marc:datafield ind1="3" ind2=" " tag="024">
      <marc:subfield code="a">9783522459037</marc:subfield>
   </marc:datafield>
</marc:record>
